UBT Library

Current therapy in theriogenology : (Record no. 47228)

000 -LEADER
fixed length control field 00695pam a2200229 a 4500
001 - CONTROL NUMBER
control field 2859584
005 - DATE AND TIME OF LATEST TRANSACTION
control field 20180820050619.0
008 - FIXED-LENGTH DATA ELEMENTS--GENERAL INFORMATION
fixed length control field 850529s1986 paua b 001 0 eng c
010 ## - LIBRARY OF CONGRESS CONTROL NUMBER
LC control number 85011937
020 ## - INTERNATIONAL STANDARD BOOK NUMBER
International Standard Book Number 0721665802
040 ## - CATALOGING SOURCE
Original cataloging agency DNLM/DLC
Transcribing agency DLC
Modifying agency DLC
041 ## - LANGUAGE CODE
Language code of text/sound track or separate title eng
060 ## - NATIONAL LIBRARY OF MEDICINE CALL NUMBER
Classification number SF 871 C976
080 ## - UNIVERSAL DECIMAL CLASSIFICATION NUMBER
Universal Decimal Classification number 636.0898
082 00 - DEWEY DECIMAL CLASSIFICATION NUMBER
Classification number 636.0898
Edition number 19
100 ## - Rafti
Rafti 10
101 ## - Shkurtesa
Shkurtesa GEN
245 00 - TITLE STATEMENT
Title Current therapy in theriogenology :
Statement of responsibility, etc [edited by] David A. Morrow.
504 ## - BIBLIOGRAPHY, ETC. NOTE
Bibliography, etc Includes bibliographies and index.
906 ## - LOCAL DATA ELEMENT F, LDF (RLIN)
a 7
b cbc
c orignew
d 1
e ocip
f 19
g y-gencatlg
942 ## - ADDED ENTRY ELEMENTS (KOHA)
Source of classification or shelving scheme
Item type Books
Holdings
Withdrawn status Lost status Source of classification or shelving scheme Damaged status Not for loan Collection code Permanent location Current location Shelving location Date acquired Total Checkouts Full call number Barcode Date last seen Price effective from Koha item type
          Koleksioni i përgjithshem UBT - Lipjan UBT - Lipjan Koleksioni i përgjithshem 08/20/2018   636.0898 MOR 002-3011334 08/20/2018 08/20/2018 Books
UBT Library © 2015-2024. All rights reserved University Education for Business and Technology